000 01134nam a2200229 i 4500
001 151909
003 ES-MaACL
005 20250728192008.0
008 990722s1854 ae |||| | fre d
040 _aAN
_bspa
_cAN
100 1 _aBerbrugger, A.
_927844
245 1 0 _aGéronimo, le martyr du Fort des Vingt-Quatre-Heures à Alger /
_cAdrien Berbrugger, ... ; avec des vues de la sépulture et un plan du fort et de ses environs par M. le Capitaine d'artillerie Suzzoni, ... ; avec des extraits de la "Topografia de Argel" de Diego de Haedo.
260 _aAlger :
_bBastide, libreire-éditeur,
_c1854.
300 _a68 p., [3] h. de grab. pleg. ;
_c20 cm.
500 _aEl texto de la "Topografia de Argel" est en español con traducción francesa.
505 8 _aContiene: La découverte de son corps. Sa vie de 1542 à 1569. Pièces à l'appui
599 _aLas h. de grab. lit.: "Suzzoni, del". "Ch. Portmann lith." "Lith. Bastide, Alger"
700 0 _aSuzzoni.
_9132963
700 1 _aHaedo, Diego de,
_dm. 1608
_9152352
852 _aES-MaACL
_jL-4911(18-1)
_z-- Enc. hol.
_z.- Donativo Roda
999 _c151909
_d151909